[Event "TUR-chT 2nd League"]
[Site "Denizli"]
[Date "2023.07.11"]
[Round "4.74"]
[White "Isik, Can"]
[Black "Ozkan, Hakan"]
[Result "1-0"]
[WhiteElo "1828"]
[BlackElo "1706"]
[PlyCount "49"]
[EventDate "2023.07.09"]
[EventType "team-swiss"]
[EventRounds "9"]
[EventCountry "TUR"]
[SourceTitle "CBM 215 Extra"]
[Source "ChessBase"]
[SourceDate "2023.09.30"]
[SourceVersion "1"]
[SourceVersionDate "2023.09.30"]
[SourceQuality "1"]
[WhiteTeam "Ankara Genclik"]
[BlackTeam "Pamukkale Yonetimi"]
[WhiteTeamCountry "TUR"]
[BlackTeamCountry "TUR"]

1. e4 e5 2. Nf3 Nc6 3. Nc3 Nf6 4. Be2 d5 5. exd5 Nxd5 6. 0-0 Be7 7. Bb5 Bg4 8. h3 Nxc3 9. bxc3 Bd7 10. Bxc6 Bxc6 11. Nxe5 Bb5 12. Nxf7 Qd5 13. Nxh8 Bxf1 14. Qxf1 0-0-0 15. Qe2 Bd6 16. d3 Rxh8 17. Bd2 a6 18. c4 Qf7 19. Re1 Kb8 20. Qe6 Qh5 21. Qd5 Qh4 22. Rb1 b6 23. c5 Rf8 24. Rxb6+ Kc8 25. Qe6+ 1-0

[Event "TUR-chT 2nd League"]
[Site "Konya"]
[Date "2022.08.23"]
[Round "3.11"]
[White "Tay, Ugur Can"]
[Black "Isik, Can"]
[Result "1/2-1/2"]
[WhiteElo "1619"]
[BlackElo "1825"]
[PlyCount "45"]
[EventDate "2022.08.22"]
[EventType "team-swiss"]
[EventRounds "9"]
[EventCountry "TUR"]
[SourceTitle "CBM 210 Extra"]
[Source "ChessBase"]
[SourceDate "2022.11.30"]
[SourceVersion "1"]
[SourceVersionDate "2022.11.30"]
[SourceQuality "1"]
[WhiteTeam "Calli Spor"]
[BlackTeam "Ankara DSI Genclik"]
[WhiteTeamCountry "TUR"]
[BlackTeamCountry "TUR"]

1. Nf3 d5 2. d4 Nf6 3. c4 dxc4 4. Nc3 c5 5. e3 cxd4 6. Qxd4 Bd7 7. Bxc4 e6 8. 0-0 Nc6 9. e4 Be7 10. Qd1 Na5 11. Bd3 Bc6 12. Qe2 Qc7 13. Rb1 Bb4 14. Bd2 0-0 15. Rfc1 Qb6 16. Be3 Qd8 17. Bg5 Qe8 18. e5 Bxc3 19. Rxc3 Nd5 20. Qe4 f5 21. exf6 Nxf6 22. Qh4 h6 23. Bxh6 1/2-1/2

[Event "TUR Cup"]
[Site "Antalya"]
[Date "2020.01.30"]
[Round "7"]
[White "Isik, Can"]
[Black "Kirali, Mehmet"]
[Result "1-0"]
[WhiteElo "1710"]
[BlackElo "1890"]
[PlyCount "123"]
[EventDate "2020.01.26"]
[EventType "swiss"]
[EventRounds "11"]
[EventCountry "TUR"]
[SourceTitle "CBM 194 Extra"]
[Source "ChessBase"]
[SourceDate "2020.03.31"]
[SourceVersion "1"]
[SourceVersionDate "2020.03.31"]
[SourceQuality "1"]

1. e4 Nc6 2. Nc3 e5 3. Nf3 Bc5 4. Nxe5 Nxe5 5. d4 Bd6 6. dxe5 Bxe5 7. Be2 d6 8. f4 Bxc3+ 9. bxc3 Nf6 10. Bf3 0-0 11. 0-0 Re8 12. Re1 h6 13. Bb2 Bd7 14. c4 Bc6 15. Qd4 Re7 16. Re2 Qf8 17. Rae1 Rae8 18. g4 Nd7 19. h4 f6 20. Ba3 b6 21. Rg2 Nc5 22. Bxc5 dxc5 23. Qe3 Qf7 24. g5 Rxe4 25. Bxe4 Rxe4 26. Qxe4 Bxe4 27. Rxe4 hxg5 28. hxg5 f5 29. g6 Qd7 30. Re5 Qd1+ 31. Kh2 Qh5+ 32. Kg1 Qd1+ 33. Kf2 Kf8 34. Rxf5+ Ke7 35. Rf7+ Kd6 36. Kg3 Qe1+ 37. Kg4 Qc3 38. Re2 Qxc4 39. Ree7 Qxc2 40. Rd7+ Kc6 41. Rxc7+ Kd5 42. Rcd7+ Kc6 43. Rxg7 c4 44. Rc7+ Kd6 45. Rgd7+ Ke6 46. Re7+ Kf6 47. Rf7+ Ke6 48. f5+ Kd6 49. Rcd7+ Kc6 50. g7 Qe4+ 51. Kh5 Qf3+ 52. Kg6 Qg4+ 53. Kh7 Qh5+ 54. Kg8 Kb5 55. Kf8 Qh6 56. Rde7 c3 57. Re6 Qd2 58. g8Q c2 59. Re5+ Ka6 60. Rxa7+ Kxa7 61. Qf7+ Ka6 62. Qc4+ 1-0

[Event "TUR-chT Clubs"]
[Site "Konya"]
[Date "2019.07.20"]
[Round "8.9"]
[White "Isik, Can"]
[Black "Zengin, Muhammet Arda"]
[Result "1-0"]
[WhiteElo "1684"]
[BlackElo "1107"]
[PlyCount "131"]
[EventDate "2019.07.16"]
[EventType "team-swiss"]
[EventRounds "9"]
[EventCountry "TUR"]
[SourceTitle "CBM 191 Extra"]
[Source "ChessBase"]
[SourceDate "2019.09.30"]
[SourceVersion "1"]
[SourceVersionDate "2019.09.30"]
[SourceQuality "1"]
[WhiteTeam "Akcakoca Esentepe Okulu"]
[BlackTeam "Selcuklu Belediyesi"]
[WhiteTeamCountry "TUR"]
[BlackTeamCountry "TUR"]

1. e4 e5 2. Nf3 Nc6 3. Bb5 Bc5 4. 0-0 d6 5. d4 exd4 6. Nxd4 Bd7 7. Nb3 Bb6 8. Nc3 h6 9. Re1 Nf6 10. Nd5 0-0 11. Nxb6 axb6 12. Bf4 Re8 13. f3 Ne5 14. Bxd7 Nfxd7 15. Qd5 Rb8 16. Rad1 Qf6 17. Bg3 Nc6 18. Nd4 Nxd4 19. Qxd4 Qxd4+ 20. Rxd4 Ne5 21. a3 f6 22. f4 Nc6 23. Rc4 Re6 24. a4 Rbe8 25. Kf1 R6e7 26. b4 Nd8 27. Bf2 Ne6 28. g3 Ra8 29. b5 Nc5 30. Bxc5 bxc5 31. Kf2 b6 32. Ra1 Ra5 33. Kf3 Kf7 34. h4 h5 35. g4 g6 36. gxh5 gxh5 37. Rd1 Kg6 38. Rd5 Ra8 39. Ke3 Kh6 40. e5 fxe5 41. fxe5 Kg6 42. Re4 dxe5 43. Rdxe5 Rxe5 44. Rxe5 Rxa4 45. Re7 Rxh4 46. Rxc7 Rb4 47. Rc6+ Kf5 48. Rxb6 Re4+ 49. Kf3 Re6 50. Rb8 h4 51. b6 Re7 52. b7 Rf7 53. Kg2 Kf4 54. Kh2 Kf5 55. Kg2 Rg7+ 56. Kh3 Kg5 57. c4 Kg6 58. Kxh4 Rh7+ 59. Kg4 Rg7 60. Kf4 Rf7+ 61. Ke5 Rg7 62. Ke6 Rc7 63. Kd6 Rg7 64. Kxc5 Rc7+ 65. Kb6 Rg7 66. c5 1-0